Statistics for Major League Baseball Knowledge #1

Click here to take the quiz!

General Stats

  • This quiz has been taken 4,637 times
  • The average score is 15 of 20

Answer Stats

Question Answer % Correct
Where do the Chicago Cubs’ play?{Wrigley} Field
97%
Whose number, 42, was retired for every team?Jackie Robinson
90%
What was the name of the team that played in Montreal?Montreal Expos
85%
What pitcher holds the career and single-season record for strikeouts?Nolan Ryan
83%
What is the name of the illegal act of faking a pitch?Balk
82%
What is the term for hitting a single, double, triple, and home run in the same game?Hitting for the {Cycle}
81%
Who are the only two players to have more than 4,000 Major League hits?Pete Rose
80%
Who are the two best players in Angels history whose last name is a fish?Mike Trout
79%
What two ace pitchers led the 2001 Arizona Diamondbacks to a
World Series championship?
Randy Johnson
78%
What do players put on the handle of baseball bats to make them stickier?Pine Tar
78%
What Yankees legend was known as "Mr. October"?Reggie Jackson
77%
What quotable catcher said "Pitching always beats batting, and vice-versa”?Yogi Berra
73%
Who earned almost $400 million in salary over his 22 year career?Alex Rodriguez
71%
What illegal pitch did Gaylord Perry throw?Spitball
70%
Who hit 61 home runs in 1961?Roger Maris
64%
What comic book character is Noah Syndergaard often compared to?Thor
62%
Who are the only two players to have more than 4,000 Major League hits?Ty Cobb
62%
What does the R stand for in the advanced stat WAR?Replacement
55%
What two ace pitchers led the 2001 Arizona Diamondbacks to a World Series championship?Curt Schilling
54%
Who are the two best players in Angels history whose last name is a fish?Tim Salmon
49%

Score Distribution

Percentile by Number Answered

Percent of People with Each Score

Your Score History

You have not taken this quiz